Statistics for Smallest Dinosaurs

Click here to take the quiz!

General Stats

  • This quiz has been taken 20 times
  • The average score is 3 of 11

Answer Stats

Size Dinosaur % Correct
33in (83cm)Microraptor
89%
24in (60cm)Compsognathus
79%
23in (59cm)Saltopus
16%
35in (90cm)Lesothosaurus
16%
39in (99cm)Sinosauropteryx
16%
20in (50cm)Micropachycephalosaurus
11%
24in (60cm)Microceratops
11%
24in (60cm)Fruitadens
5%
27in (69cm)Bambiraptor
5%
39in (99cm)Wannanosaurus
5%
24in (60cm)Yandangornis
0%

Score Distribution

Percentile by Number Answered

Percent of People with Each Score

Your Score History

You have not taken this quiz